| 000 | 00665nam a2200241Ia 4500 | ||
|---|---|---|---|
| 001 | 36470 | ||
| 005 | 20240114001856.0 | ||
| 007 | ta | ||
| 008 | 070423s1958 a g b000 u 465 u | ||
| 040 | _aCotton College,Assam | ||
| 041 | _a465 | ||
| 082 |
_a722.52 _bC 865 Sh |
||
| 100 | _aCreswell, K.A.C. . | ||
| 245 | 0 |
_aA Short Account of Early Muslim Architecture / _cK.A.C.Creswell. _hTextual Documents |
|
| 250 | _a1st ed. / | ||
| 260 |
_aMiddlesex : _bPenguin Books Ltd , _c©1958. |
||
| 300 |
_a323p. : _bill ; _c22cm . |
||
| 653 | _aMuslim Architecture | ||
| 653 | _aG-Technology | ||
| 942 |
_2ddc _cBK |
||
| 999 |
_c36452 _d36452 |
||